Henri Vever, champion de l'Art nouveau : Champion de l'Art nouveau (notice n° 2152292)
[ vue normale ]
| 000 -LEADER | |
|---|---|
| fixed length control field | 01550cam a2200133 4500500 |
| 005 - DATE AND TIME OF LATEST TRANSACTION | |
| control field | 20260405032116.0 |
| 041 ## - LANGUAGE CODE | |
| Language code of text/sound track or separate title | fre |
| 042 ## - AUTHENTICATION CODE | |
| Authentication code | dc |
| 100 10 - MAIN ENTRY--PERSONAL NAME | |
| Personal name | Silverman, Willa Z. |
| Relator term | author |
| 245 00 - TITLE STATEMENT | |
| Title | Henri Vever, champion de l'Art nouveau : Champion de l'Art nouveau |
| 260 ## - PUBLICATION, DISTRIBUTION, ETC. | |
| Name of publisher, distributor, etc. | Armand Colin,<br/> |
| Date of publication, distribution, etc. | 2018.<br/> |
| 520 ## - SUMMARY, ETC. | |
| Summary, etc. | En 1898, le célèbre bijoutier-joaillier de la rue de la Paix, Henri Vever tient un journal. Promoteur de l’Art nouveau, il partage la ferveur pour ce « modern'style » de son contemporain René Lalique. Amateur d’art de renom, il fréquente les marchands et les collectionneurs les plus en vue. Vever est surtout un japonisant passionné. 1898 marque aussi un tournant politique. Vever suit de près l’affaire Dreyfus et se montre résolument anglophobe et américanophobe quand éclatent la crise de Fachoda et la guerre hispano-américaine. Friand des nouvelles « merveilles » techniques de son temps, il apprécie les photographies en couleurs des frères Lumière et le phonographe. Ce bourgeois parisien aisé assiste à une répétition de Cyrano de Bergerac, déguste des glaces au Café Napolitain, monte à bicyclette au bois de Boulogne, consulte des voyantes… Cette chronique fascinante de la vie parisienne au seuil du XXe siècle constitue un témoignage précieux sur un moment charnière, pleinement vécu comme tel par un homme dynamique introduit dans les milieux parisiens les plus variés. |
| 856 41 - ELECTRONIC LOCATION AND ACCESS | |
| Uniform Resource Identifier | <a href="https://shs.cairn.info/henri-vever--9782200619411?lang=fr&redirect-ssocas=7080">https://shs.cairn.info/henri-vever--9782200619411?lang=fr&redirect-ssocas=7080</a> |
Pas d'exemplaire disponible.




Réseaux sociaux